Größte Traktorhersteller - Statistiken

Allgemein
  • Dieses Quiz wurde 405 mal gespielt
  • Das Durchschnittsergebnis liegt bei 5 aus 10
Antwortstatistiken
Platz Marktanteil Traktorhersteller % Korrekt
1 20,2 Fendt
97%
2 19,5 John Deere
89%
7 5,2 New Holland
74%
4 6,9 Claas
66%
6 5,9 Case IH / Steyr
54%
3 8,2 Deutz-Fahr
41%
8 4,5 Valtra
38%
5 6,5 Kubota
34%
8 4,5 Massey Ferguson
32%
10 1,8 Iseki
8%
Keine übereinstimmenden Quizze gefunden
Verteilung der Resultate
Anzahl Personen mit jedem Resultat
Perzentil nach korrekt beantworteten Fragen
Ihre Resultats-Entwicklung
Sie haben dieses Quiz noch nicht gespielt